Things no one taught us about love (Record no. 240782)
[ view plain ]
| 000 -LEADER | |
|---|---|
| fixed length control field | 02448nam a22002177a 4500 |
| 003 - CONTROL NUMBER IDENTIFIER | |
| control field | St Aloysius Coll |
| 005 - DATE AND TIME OF LATEST TRANSACTION | |
| control field | 20260122163236.0 |
| 008 - FIXED-LENGTH DATA ELEMENTS--GENERAL INFORMATION | |
| fixed length control field | 260117b |||||||| |||| 00| 0 eng d |
| 020 ## - INTERNATIONAL STANDARD BOOK NUMBER | |
| International Standard Book Number | 9781035055050 |
| 040 ## - CATALOGING SOURCE | |
| Transcribing agency | AL |
| 041 ## - LANGUAGE CODE | |
| Language code of text/sound track or separate title | English |
| 082 ## - DEWEY DECIMAL CLASSIFICATION NUMBER | |
| Classification number | 158.1 |
| Item number | KINT |
| 100 ## - MAIN ENTRY--PERSONAL NAME | |
| Personal name | Vex King |
| 9 (RLIN) | 251637 |
| 245 ## - TITLE STATEMENT | |
| Title | Things no one taught us about love |
| 260 ## - PUBLICATION, DISTRIBUTION, ETC. | |
| Place of publication, distribution, etc. | London |
| Name of publisher, distributor, etc. | Bluebird Books |
| Date of publication, distribution, etc. | 2024 |
| 300 ## - PHYSICAL DESCRIPTION | |
| Extent | 301p. |
| Other physical details | PB |
| Dimensions | 17.5x12.8cm |
| 365 ## - TRADE PRICE | |
| Source of price type code | General |
| Price type code | 5468 |
| Price amount | ₹399.00 |
| Currency code | ₹ |
| Unit of pricing | ₹499.00 |
| Price note | 20% |
| Price effective from | 10/01/2026 |
| 520 ## - SUMMARY, ETC. | |
| Summary, etc. | THE SUNDAY TIMES BESTSELLER Things No One Taught Us About Love distils the ideas found in Vex King's Closer to Love, re-edited and presented in the warm, relatable style of his No. 1 bestseller Good Vibes, Good Life. This extraordinary book is for anyone looking to harness the power of the universe, and their own self-understanding, to manifest stronger, deeper relationships. Bestselling author of Good Vibes, Good Life, Vex King is back with a life-changing guide to strengthening your relationships by learning to love yourself, and understanding the true nature of love. Many of us expect romantic love to solve our problems and validate our worth. This burden strains modern relationships. Partners become frustrated when unable to meet each other’s idealized and impossible demands. Broken dreams of a life-long romance can leave people feeling incomplete and hopping from one partner to another.It’s no wonder we struggle, given that society fails to teach us about the true nature of love. We’ve been misled into thinking love is external - somewhere out there - rather than a force within us. Vex King dismantles the myths and misconceptions surrounding love and relationships. Packed with personal stories, expert advice and inspirational messages, Things No-one Taught Us About Love will help you understand how you love, create healthy habits, set boundaries that work for you, and heal unprocessed emotion and trauma.'A long-term relationship will die and be reborn a thousand times. It doesn’t matter how long you are with someone, but how willing you are to stay open to the new versions of them (and yourself) that are certain to arise.' - Vex King 'A must read if you are seeking to elevate your relationships and your life.' - Yung Pueblo, New York Times #1 Bestselling author of Clarity & Connection and Lighter. |
| 650 ## - SUBJECT ADDED ENTRY--TOPICAL TERM | |
| Source of heading or term | Psychology |
| Topical term or geographic name entry element | Applied Psychology |
| 9 (RLIN) | 251638 |
| 942 ## - ADDED ENTRY ELEMENTS (KOHA) | |
| Source of classification or shelving scheme | Dewey Decimal Classification |
| Koha item type | Book |
| Withdrawn status | Lost status | Source of classification or shelving scheme | Damaged status | Not for loan | Collection code | Home library | Current library | Date acquired | Source of acquisition | Cost, normal purchase price | Total Checkouts | Total Renewals | Full call number | Barcode | Date last seen | Date last checked out | Cost, replacement price | Price effective from | Koha item type |
|---|---|---|---|---|---|---|---|---|---|---|---|---|---|---|---|---|---|---|---|
| Dewey Decimal Classification | MA English | St Aloysius PG Library | St Aloysius PG Library | 01/14/2026 | Biblios Book Point | 399.00 | 1 | 1 | 158.1 KINT | PG025163 | 02/19/2026 | 01/23/2026 | 499.00 | Book |